Electric machinery fundamentals (Record no. 1961)

000 -LEADER
fixed length control field 00655nam a22002174a 4500
001 - CONTROL NUMBER
control field 1961
003 - CONTROL NUMBER IDENTIFIER
control field BD-DhUET
008 - FIXED-LENGTH DATA ELEMENTS--GENERAL INFORMATION
fixed length control field 030923s2005 nyua b 001 0 eng
020 ## - INTERNATIONAL STANDARD BOOK NUMBER
International Standard Book Number 9780071151559
040 ## - CATALOGING SOURCE
Original cataloging agency DLC
Transcribing agency DLC
Modifying agency BD-DhUET
082 00 - DEWEY DECIMAL CLASSIFICATION NUMBER
Classification number 623
Item number CHA/2005
100 1# - MAIN ENTRY--PERSONAL NAME
Personal name Chapman, Stephen J.
245 10 - TITLE STATEMENT
Title Electric machinery fundamentals
Statement of responsibility, etc. by Stephen J. Chapman
250 ## - EDITION STATEMENT
Edition statement 4th ed.
260 ## - PUBLICATION, DISTRIBUTION, ETC. (IMPRINT)
Place of publication, distribution, etc. Boston
Name of publisher, distributor, etc. McGraw-Hill
Date of publication, distribution, etc. 2005
300 ## - PHYSICAL DESCRIPTION
Extent xxii,746p.
Other physical details ill.
Dimensions 24 cm.
650 #0 - SUBJECT ADDED ENTRY--TOPICAL TERM
Topical term or geographic name as entry element Electric engineering
942 ## - ADDED ENTRY ELEMENTS (KOHA)
Koha item type General Book
856 41 - ELECTRONIC LOCATION AND ACCESS
Uniform Resource Identifier http://www.loc.gov/catdir/toc/mh041/2003065174.html
856 42 - ELECTRONIC LOCATION AND ACCESS
Uniform Resource Identifier http://www.loc.gov/catdir/description/mh041/2003065174.html
Holdings
Source of classification or shelving scheme Koha date last seen Withdrawn status Piece designation (barcode) Price effective from Koha item type Sublocation or collection (holding branch) Lost status Damaged status Not for loan Koha out on loan Shelving location Location (home branch) Koha date last borrowed Copy number Koha full call number Date acquired Koha issues (times borrowed) Koha normalized classification for sorting Koha renewals
 2025-12-01 1033322014-09-15General BookCentral Library, BUET   2025-12-15Circulation sectionCentral Library, BUET2025-12-011623/CHA/20052014-09-1522623CHA20052
 2025-11-08 1033382014-11-19General BookCentral Library, BUET    Circulation sectionCentral Library, BUET2025-07-162623/CHA/20052014-11-1918623CHA2005 
 2026-01-20 1033412014-12-09General BookCentral Library, BUET    Circulation sectionCentral Library, BUET2025-12-063623/CHA/20052014-12-0923623CHA20052